Estudio experimental para la fabricacion de carbon activado
Sparad:
| Huvudupphovsman: | |
|---|---|
| Materialtyp: | Bok |
| Publicerad: |
San José, C.R.
1979
|
| Ämnen: | |
| Taggar: |
Lägg till en tagg
Inga taggar, Lägg till första taggen!
|
MARC
| LEADER | 00000nam a2200000Ia 4500 | ||
|---|---|---|---|
| 003 | 010964 | ||
| 005 | 20221231144158.0 | ||
| 008 | 140114s1979 cr a m 000 ||s d | ||
| 040 | |c cru CEDI | ||
| 090 | |a TFG 4408 | ||
| 100 | |a González Soto, Luis Antonio |9 7580 | ||
| 245 | |a Estudio experimental para la fabricacion de carbon activado | ||
| 260 | |c 1979 |a San José, C.R. | ||
| 300 | |a 117 hojas : ilustraciones ; 28 cm | ||
| 500 | |a Tesis (licenciatura en ingenieria quimica)--Universidad de Costa Rica | ||
| 650 | |x CARBON - FABRICACION |9 7581 | ||
| 942 | |c TFG | ||
| 999 | |c 18031 |d 18031 | ||
